000 00595nam a2200181 a 4500
001 000048100
005 20201002060924.0
008 181115s2015 dr 000 spa d
020 _a9789945082937
040 _aDO-SdBNP
_bspa
_cBNPHU
082 _axxx
_bS715c
100 _aSosa Sosa, Diego A.
_975584
245 0 _a52 recetas financieras para una mejor calidad de vida. /
_cDiego A. Sosa Sosa.
246 1 0 _aCincuenta y dos recetas financieras para una mejor calidad de vida
260 _aSanto Domingo :
_bEstilos,
_c2015.
300 _a127 p. ;
_c24 cm.
590 _aInventariado, 2018 / DG
999 _c47588
_d47588